<?xml version="1.0" encoding="UTF-8"?>
<collection xmlns="http://www.loc.gov/MARC21/slim">
 <record>
  <leader>02343cam a2200505 7i4500</leader>
  <controlfield tag="001">0000131857</controlfield>
  <controlfield tag="005">20190415090000.0</controlfield>
  <controlfield tag="008">190311s2018    cau     e           eng       </controlfield>
  <datafield tag="020" ind1="0" ind2="0">
   <subfield code="a">9555186877416 </subfield>
  </datafield>
  <datafield tag="040" ind1=" " ind2=" ">
   <subfield code="a">Ohiolink</subfield>
  </datafield>
  <datafield tag="090" ind1="0" ind2="0">
   <subfield code="a">PN 1997.2 </subfield>
   <subfield code="b">.Q5 2018</subfield>
  </datafield>
  <datafield tag="245" ind1="0" ind2="2">
   <subfield code="a">A quiet place  </subfield>
   <subfield code="c">Paramount Pictures presents ; in association with Michael Bay ; a Platinum Dunes production ; produced by Michael Bay, Andrew Form, Brad Fuller ; screenplay by Bryan Woods &amp; Scott Beck and John Krasinski ; story by Bryan Woods &amp; Scott Beck ; directed by John Krasinski.</subfield>
  </datafield>
  <datafield tag="264" ind1=" " ind2="4">
   <subfield code="c">♭ 2018.</subfield>
  </datafield>
  <datafield tag="264" ind1=" " ind2="1">
   <subfield code="a">Hollywood, California: </subfield>
   <subfield code="b">Paramount, </subfield>
   <subfield code="c">2018.</subfield>
  </datafield>
  <datafield tag="300" ind1=" " ind2=" ">
   <subfield code="a">1 videodisc (90 minutes): </subfield>
   <subfield code="b">sound, colour; </subfield>
   <subfield code="c">12 cm..</subfield>
  </datafield>
  <datafield tag="336" ind1=" " ind2=" ">
   <subfield code="a">two-dimensional moving image</subfield>
   <subfield code="2">rdacontent</subfield>
  </datafield>
  <datafield tag="337" ind1=" " ind2=" ">
   <subfield code="a">video</subfield>
   <subfield code="2">rdamedia</subfield>
  </datafield>
  <datafield tag="338" ind1=" " ind2=" ">
   <subfield code="a">videodisc</subfield>
   <subfield code="2">rdacarrier</subfield>
  </datafield>
  <datafield tag="500" ind1="0" ind2="0">
   <subfield code="a">Originally released as a motion picture in 2018</subfield>
  </datafield>
  <datafield tag="508" ind1=" " ind2=" ">
   <subfield code="a">Director of photography, Charlotte Bruus Christensen ; editor, Christopher Tellefsen ; music, Marco Beltrami.</subfield>
  </datafield>
  <datafield tag="511" ind1="1" ind2="0">
   <subfield code="a">Emily Blunt, John Krasinski, Noah Jupe, Millicent Simmonds, Cade Woodward.</subfield>
  </datafield>
  <datafield tag="520" ind1="0" ind2="0">
   <subfield code="a">In a post-apocalyptic world, a family is forced to live in silence while hiding from monsters with ultra-sensitive hearing.</subfield>
  </datafield>
  <datafield tag="538" ind1="0" ind2="0">
   <subfield code="a">DVD, NTSC region 1, widescreen presentation; Dolby Digital 5.1.</subfield>
  </datafield>
  <datafield tag="546" ind1="0" ind2="0">
   <subfield code="a">English, French, Portuguese or Spanish dialogue; English, French, Portuguese or Spanish subtitles; English audio description for people with visual disabilities; closed-captioned.</subfield>
  </datafield>
  <datafield tag="650" ind1="0" ind2="0">
   <subfield code="a">Human-alien encounters </subfield>
  </datafield>
  <datafield tag="650" ind1="0" ind2="0">
   <subfield code="a">Monsters </subfield>
  </datafield>
  <datafield tag="650" ind1="0" ind2="0">
   <subfield code="a">Silence </subfield>
  </datafield>
  <datafield tag="650" ind1="0" ind2="0">
   <subfield code="a">Families </subfield>
  </datafield>
  <datafield tag="700" ind1="1" ind2="1">
   <subfield code="a">Form, Andrew </subfield>
  </datafield>
  <datafield tag="700" ind1="1" ind2="1">
   <subfield code="a">Fuller, Brad </subfield>
  </datafield>
  <datafield tag="700" ind1="1" ind2="1">
   <subfield code="a">Simmonds, Millicent(</subfield>
   <subfield code="d">2003-) </subfield>
  </datafield>
  <datafield tag="700" ind1="1" ind2="1">
   <subfield code="a">Woodward, Cade </subfield>
  </datafield>
  <datafield tag="700" ind1="1" ind2="1">
   <subfield code="a">Christensen, Charlotte Bruus </subfield>
  </datafield>
  <datafield tag="700" ind1="1" ind2="1">
   <subfield code="a">Bay, Michael(</subfield>
   <subfield code="d">1964-) </subfield>
  </datafield>
  <datafield tag="700" ind1="1" ind2="1">
   <subfield code="a">Krasinski, John(</subfield>
   <subfield code="d">1979-) </subfield>
  </datafield>
  <datafield tag="700" ind1="1" ind2="1">
   <subfield code="a">Woods, Bryan(</subfield>
   <subfield code="d">1984-) </subfield>
  </datafield>
  <datafield tag="700" ind1="1" ind2="1">
   <subfield code="a">Beltrami, Marco </subfield>
  </datafield>
  <datafield tag="700" ind1="1" ind2="1">
   <subfield code="a">Tellefsen, Christopher </subfield>
  </datafield>
  <datafield tag="700" ind1="1" ind2="1">
   <subfield code="a">Jupe, Noah(</subfield>
   <subfield code="d">2005-) </subfield>
  </datafield>
  <datafield tag="700" ind1="1" ind2="1">
   <subfield code="a">Blunt, Emily </subfield>
  </datafield>
  <datafield tag="700" ind1="1" ind2="1">
   <subfield code="a">Beck, Scott(</subfield>
   <subfield code="d">1984-) </subfield>
  </datafield>
  <datafield tag="710" ind1="2" ind2="1">
   <subfield code="a">Paramount Pictures Corporation </subfield>
  </datafield>
  <datafield tag="710" ind1="2" ind2="1">
   <subfield code="a">Paramount Home Entertainment (Firm) </subfield>
  </datafield>
  <datafield tag="710" ind1="2" ind2="1">
   <subfield code="a">Platinum Dunes (Firm) </subfield>
  </datafield>
  <datafield tag="999" ind1=" " ind2=" ">
   <subfield code="a">1100105028</subfield>
   <subfield code="b">Digital Video Disc</subfield>
   <subfield code="c">Bahan Sumber Media</subfield>
   <subfield code="e">BILIK BAHAN SUMBER MEDIA</subfield>
  </datafield>
 </record>
</collection>
